| 000 | 00685nam a2200217 a 4500 | ||
|---|---|---|---|
| 005 | 20210223121201.0 | ||
| 008 | 991125a19751976mx 000 0 spa u | ||
| 020 | _a9682301777 | ||
| 035 | _aUPN01000013543 | ||
| 049 | _aCG | ||
| 050 | 4 |
_aHD5307 _bD4.88 |
|
| 245 | 0 | 0 |
_aDebate sobre la huelga de masas / _cParvus ... [et al.] ; comp. Jorge Feldman ; tr. Ursula Kochman. |
| 260 |
_aMéxico : _bPasado y Presente : _cc1975-1976. |
||
| 300 | _a2 v. | ||
| 440 | 0 |
_aCuadernos de Pasado y Presente ; _v62-63 |
|
| 650 | 4 | _aHUELGA GENERAL | |
| 650 | 4 |
_aSINDICATOS - _xHISTORIA _922585 |
|
| 700 | 1 |
_aParvus, Alckoandr Helfand, _ecoaut. |
|
| 700 | 1 |
_aFeldman, Jorge, _ecomp. |
|
| 905 | _aLibro | ||
| 999 |
_c13543 _d13543 |
||